শিল্পীর তুলিতে বাংলার মুসলিম স্থাপত্য / (Record no. 74631)
[ view plain ]
| 000 -LEADER | |
|---|---|
| fixed length control field | 01000nam a22002297a 4500 |
| 001 - CONTROL NUMBER | |
| control field | 74631 |
| 003 - CONTROL NUMBER IDENTIFIER | |
| rucl marc code | BD-RjUL |
| 005 - DATE AND TIME OF LATEST TRANSACTION | |
| control field | 20211209082600.0 |
| 008 - FIXED-LENGTH DATA ELEMENTS--GENERAL INFORMATION | |
| fixed length control field | 181108s2018 bg a|||| b||| 001 0 ben d |
| 035 ## - SYSTEM CONTROL NUMBER | |
| System control number | (BD-RjUL)74849 |
| 040 ## - CATALOGING SOURCE | |
| Original cataloging agency | BD-RjUL |
| Language of cataloging | eng |
| Transcribing agency | BD-RjUL |
| 041 ## - LANGUAGE CODE | |
| Language code of text/sound track or separate title | eng |
| 082 ## - DEWEY DECIMAL CLASSIFICATION NUMBER | |
| Edition number | 23 |
| Classification number | 720.9541 |
| Author mark and year | RAS 2018 |
| 100 ## - MAIN ENTRY--PERSONAL NAME | |
| Personal name | রহমান, কাজী মোঃ মোস্তাফিজুর |
| 9 (RLIN) | 224734 |
| 245 ## - TITLE STATEMENT | |
| Title | শিল্পীর তুলিতে বাংলার মুসলিম স্থাপত্য / |
| Statement of responsibility, etc. | কাজী মোঃ মোস্তাফিজুর রহমান |
| 260 ## - PUBLICATION, DISTRIBUTION, ETC. (IMPRINT) | |
| Place of publication, distribution, etc. | ঢাকা : |
| Name of publisher, distributor, etc. | মাওলা ব্রাদার্স, |
| Date of publication, distribution, etc. | ২০১৮ |
| 300 ## - PHYSICAL DESCRIPTION | |
| Pagination | xviii, ১১২ পৃ. : |
| Illustrations | চিত্র ; |
| Size | ২৫ সেমি. |
| 504 ## - BIBLIOGRAPHY, ETC. NOTE | |
| Bibliography, etc | বিবলিওগ্রাফি ও ইনডেক্স সম্বিলত। |
| 650 ## - SUBJECT ADDED ENTRY--TOPICAL TERM | |
| Topical term or geographic name as entry element | Islamic architecture |
| 9 (RLIN) | 224735 |
| Topical term or geographic name as entry element | Architecture |
| Geographic subdivision | India |
| -- | Bengal. |
| 9 (RLIN) | 224736 |
| 942 ## - ADDED ENTRY ELEMENTS (KOHA) | |
| Source of classification or shelving scheme | Dewey Decimal Classification |
| Koha item type | Books |
| Lost status | Source of classification or shelving scheme | Damaged status | Not for loan | Collection code | Permanent Location | Current Location | Shelving location | Date acquired | Source of acquisition | Cost, normal purchase price | Total Checkouts | Full call number | Date last seen | Copy number | Koha item type | Date checked out |
|---|---|---|---|---|---|---|---|---|---|---|---|---|---|---|---|---|
| Dewey Decimal Classification | Not For Loan | Non-fiction | Central Library, University of Rajshahi | Central Library, University of Rajshahi | Reading Room | 11/09/2018 | Author, Dept. of Islamic History & Culture, RU | 800.00 | B 720.9541 RAS 2018 | 08/11/2018 | C-1 | Books | ||||
| Dewey Decimal Classification | Non-fiction | Central Library, University of Rajshahi | Central Library, University of Rajshahi | 11/09/2018 | Author, Dept. of Islamic History & Culture, RU | 800.00 | 2 | B 720.9541 RAS 2018 | 09/10/2024 | C-2 | Books | 24/09/2024 | ||||
| Dewey Decimal Classification | Non-fiction | Central Library, University of Rajshahi | Central Library, University of Rajshahi | 11/09/2018 | Author, Dept. of Islamic History & Culture, RU | 800.00 | 2 | B 720.9541 RAS 2018 | 02/03/2022 | C-3 | Books | 15/02/2022 | ||||
| Dewey Decimal Classification | Non-fiction | Central Library, University of Rajshahi | Central Library, University of Rajshahi | 11/09/2018 | Author, Dept. of Islamic History & Culture, RU | 800.00 | 3 | B 720.9541 RAS 2018 | 22/01/2023 | C-4 | Books | 08/01/2023 | ||||
| Dewey Decimal Classification | Non-fiction | Central Library, University of Rajshahi | Central Library, University of Rajshahi | 11/09/2018 | Author, Dept. of Islamic History & Culture, RU | 800.00 | 1 | B 720.9541 RAS 2018 | 14/01/2019 | C-5 | Books | 11/12/2018 |